Daily Capital City Riddle #8 - Statistics

General Stats
  • This quiz has been taken 105 times
  • The average score is 30 of 35
Answer Stats
Type Answer % Correct
Found Letter A
100%
Alphabet Letter N
100%
Alphabet Letter R
100%
Alphabet Letter C
99%
Alphabet Letter I
99%
Alphabet Letter O
99%
Correctly Placed Letter A
98%
Alphabet Letter S
98%
Found Letter T
96%
Alphabet Letter D
95%
Found Letter E
95%
Found Letter L
95%
Alphabet Letter B
94%
Alphabet Letter G
94%
Alphabet Letter H
94%
Alphabet Letter P
92%
Alphabet Letter W
92%
Alphabet Letter K
89%
Alphabet Letter U
89%
Alphabet Letter M
88%
Alphabet Letter Y
82%
Correctly Placed Letter A
77%
Correctly Placed Letter E
77%
Alphabet Letter J
77%
Correctly Placed Letter L
76%
Found Letter V
73%
Alphabet Letter F
71%
Correctly Placed Letter L
71%
Alphabet Letter X
70%
Correctly Placed Letter T
68%
Alphabet Letter Z
68%
Correctly Placed Letter T
67%
Alphabet Letter Q
64%
Correctly Placed Letter V
62%
Mystery Capital Valletta
60%
No matching quizzes found
Score Distribution
Percent of People with Each Score
Percentile by Number Answered
Your Score History
You have not taken this quiz